[Event "IBCA EU-chT blind 2nd"]
[Site "Calimanesti"]
[Date "2019.10.13"]
[Round "9.1"]
[White "Trkaljanov, Vladimir"]
[Black "Vieru, Eugen Cezar"]
[Result "1-0"]
[WhiteElo "2129"]
[BlackElo "1830"]
[PlyCount "37"]
[EventDate "2019.10.05"]
[EventType "team-swiss"]
[EventRounds "9"]
[EventCountry "ROU"]
[SourceTitle "CBM 192 Extra"]
[Source "Chessbase"]
[SourceDate "2019.11.06"]
[SourceVersion "1"]
[SourceVersionDate "2019.11.06"]
[SourceQuality "1"]
[WhiteTeam "Macedonia"]
[BlackTeam "Romania II"]
[WhiteTeamCountry "MKD"]
[BlackTeamCountry "ROU"]

1. e4 c5 2. Nf3 Nc6 3. Nc3 d6 4. d4 cxd4 5. Nxd4 a6 6. Bc4 g6 7. Nxc6 bxc6 8. Qd4 e5 9. Qd3 Be7 10. h3 Bb7 11. 0-0 Nf6 12. Bh6 Bf8 13. Bxf8 Kxf8 14. Rad1 Ke7 15. f4 Qb6+ 16. Kh1 c5 17. fxe5 dxe5 18. Qg3 Qc7 19. Qg5 1-0

[Event "IBCA EU-chT blind 2nd"]
[Site "Calimanesti"]
[Date "2019.10.09"]
[Round "5.1"]
[White "Vieru, Eugen Cezar"]
[Black "Boer, Jan"]
[Result "0-1"]
[WhiteElo "1830"]
[BlackElo "1695"]
[PlyCount "62"]
[EventDate "2019.10.05"]
[EventType "team-swiss"]
[EventRounds "9"]
[EventCountry "ROU"]
[SourceTitle "CBM 192 Extra"]
[Source "Chessbase"]
[SourceDate "2019.11.06"]
[SourceVersion "1"]
[SourceVersionDate "2019.11.06"]
[SourceQuality "1"]
[WhiteTeam "Romania II"]
[BlackTeam "Netherlands"]
[WhiteTeamCountry "ROU"]
[BlackTeamCountry "NED"]

1. c4 Nf6 2. d4 c5 3. e3 e6 4. Nc3 b6 5. Be2 Bb7 6. Bf3 Nc6 7. d5 exd5 8. Nxd5 g6 9. b3 Bg7 10. Bb2 0-0 11. Ne2 d6 12. Nef4 Re8 13. 0-0 Nxd5 14. Bxg7 Nxe3 15. fxe3 Kxg7 16. Qd2 Rb8 17. Nd5 Ne5 18. Rad1 Nxf3+ 19. Rxf3 Re6 20. Qc3+ Re5 21. Rdf1 Bxd5 22. cxd5 Rb7 23. e4 Kg8 24. Rf4 Rbe7 25. Qf3 Qe8 26. Rf6 Rxe4 27. Rxd6 Re1 28. Rf6 Rxf1+ 29. Kxf1 Re1+ 30. Kf2 Ra1 31. a4 Qe1# 0-1